000 01339nam a2200277 a 4500
003 DO-SdBNP
005 20220728111527.0
007 ta
008 220728e2004 dr aod|gr|||| 001 0 spa d
040 _aDO-SdBNP
_bspa
_cBNPHU
082 2 _244
_bM294m
245 1 0 _aManual de manejo para la crianza de patos Pekineses. /
_cWalkina Cruz Álvarez, Gregorio García Lagombra; Fotografía, Eduardo Fulcar, Gustavo Concepción
260 _aSanto Domingo :
_bIDIAF,
_c2004
300 _a44 p.
_bil., fotogr., gráf.
_c23 cm
504 _aBibliografía: p. 44
505 _tI. Introducción.
_tII. Razas de patos.--
_tIII. Selección y mejoramiento genético.--
_tIV. Sistema de constracciones e instalaciones para patos.--
_tV. Manejo de la crianza.--
_tVI. Enfermedades infecciosas y parasitarias de los patos.--
_tVII. Comercialización y mercadeo de patos y sus subproductos en la República Dominicana.
_tVII. Bibliografía.
590 _aInventariado 2022 / MF
650 4 _aAnacultura
_zRepública Dominicana
_982115
650 4 _961912
_aManuales
_xAnacultura
700 1 _955879
_aGarcía Lagombra, Gregorio
700 1 _a Fulcar, Eduardo
_efotogr.
_982111
700 1 _aConcepción, Gustavo
_efotogr.
_982112
710 2 _91556
_aInstituto Dominicano de Investigaciones Agropecuárias y Florestales
910 _aMFeliz
942 _2ddc
_cLBS1
999 _c52244
_d52244